000 00723nam a2200217 i 4500
001 135828
003 ES-MaACL
005 20250807012652.0
007 t|
008 070214s1904 sp |||| | spa d
100 1 _aRuiz Benítez de Lugo, Ricardo.
_9100670
245 1 0 _aEstudio sociológico y económico de las islas Canarias /
_cpor Ricardo Ruiz y Benítez de Lugo ; con una carta prólogo de Nicolás Estévanez.
260 _aMadrid :
_b[s. n.],
_c1904.
300 _a154 p. ;
_c18 cm.
490 1 _aBiblioteca canaria ;
_v2
650 7 _a
_2
_9241620
700 1 _aEstévanez, Nicolás.
_948127
830 0 _aBiblioteca canaria ;
_v2
_9219957
852 _aES-MaACL
_jT-1037-F-6
999 _c135828
_d135828